00542nam a2200181 a 4500008004100000020002200041100001600063245006500079246003200144260003900176300003300215500002000248650002600268730003900294003000100333005001700334040000900351  a0273609068 (pbk.)1 aGough, Leo.14aThe Financial times guide to business numeracy /cLeo Gough.30aGuide to business numeracy. aLondon :bFinancial Times ,c1994. avi, 218 p. :bill. ;c24 cm. aIncludes index. 0aBusiness mathematics.0 aFinancial times (London, England).20230123133601.0 cNUST